Регионална библиотека "Любен Каравелов" - Русе

Из Средна Рила (Запис номер 120286)

MARC детайли
000 -Лидер
Контролно поле с фиксирана дължина 01627nam a2200397 c 4500
003 - Код на организацията, давaща контролен номер
Контролно поле BLK
005 - Дата и час на последна редакция
Контролно поле 20180420231448.0
008 - Елементи от данни с фиксирана дължина
fixed length control field 180409b bul|||||r ||||||| ||bul||
010 ## - Наследен системен номер
LC control number KNG00125902000
040 ## - Източник на каталожния запис
Идентификатор на билиотеката - собственик на записа BLK
041 ## - Код за език
Код за езика на текст/звукозапис или на отделно заглавие Български
Код за езика КДБФ Български
080 ## - УДК
Текстов определител УДК География на България
УДК код - определител по УДК 913(497.2)
УДК определител (234.423.1)(036)
УДК - код + определител 913(497.2)(234.423.1)(036)
100 1# - Редна дума - Автор
Автор Андреев, Александър Харалампиев
Авторска отговорност първи автор
R(LIN) 296534
139 ## - Редно поле
Редна дума Андреев, Александър Харалампиев
Авторски знак Андр - А 66
245 10 - Сведения за заглавието
Заглавие Из Средна Рила
Подзаглавни данни Турист. маршрут
Редно поле (дума) Александър Харалампиев Андреев.
257 ## - Страна на издаване
Страна на създаване/издаване България
260 ## - Област на издателските данни
-- София
Име на издателя, разпространителя и проч. Медицина и физкултура
Година на издаване 1970
Печатница Пловдив : Д. Благоев
300 ## - Физическа характеристика
Страници 48 с.
Илюстрации и др. с ил., к.
Размери/Мащаб 18 см
380 ## - Жанр
Жанр География
490 1# - СЕРИИ (Колекции)
Име на серия Малка туристическа библиотека
500 ## - Общи забележки
Забележка Библиогр. с. 47.
650 #4 - Допълнително описание по предмет – тема
Основно описание – тема или топоним Рила (пл.) - пътеводители
9 (RLIN) 297672
650 #4 - Допълнително описание по предмет – тема
Основно описание – тема или топоним Туризъм - България - маршрути
9 (RLIN) 296535
651 #4 - Допълнително описание по предмет - топоним
Географско понятие Рила
9 (RLIN) 179442
651 #4 - Допълнително описание по предмет - топоним
Географско понятие България
9 (RLIN) 241624
653 ## - Ключова дума – ненормативна
Ключова дума Рила
653 ## - Ключова дума – ненормативна
Ключова дума планини
653 ## - Ключова дума – ненормативна
Ключова дума туристически дестинации
653 ## - Ключова дума – ненормативна
Ключова дума туристически маршрути
653 ## - Ключова дума – ненормативна
Ключова дума пътеводители
852 ## - Местоположение
Форматна сигнатура Цб І 11591
856 4# - Електронен адрес и достъп
Електронен формат pdf - файл
Път до файла /url/
856 4# - Електронен адрес и достъп
Електронен формат pdf - файл
Път до файла /url/
942 ## - АРТИКУЛИ
Вид на библиотечния материал Книги
Скрит в OPAC Не
944 ## - СЪЗДАВАНЕ И РЕДАКЦИЯ на ЗАПИСА
Създаване/Редакция Създаване
Дата на регистрацията/редакция 11.10.2011
Статус, дата на статуса 11.10.2011 - от С1,Р / 11.10.2011
Служител, извършил регистрацията/редакцията Виолета_Тройчева
944 ## - СЪЗДАВАНЕ И РЕДАКЦИЯ на ЗАПИСА
Създаване/Редакция Редакция
Дата на регистрацията/редакция 15.12.2016
Статус, дата на статуса 11.10.2011 - от С1,Р / 11.10.2011
Служител, извършил регистрацията/редакцията
999 ## - СИСТЕМНИ КОНТРОЛНИ НОМЕРА
Koha biblionumber 120286
Koha biblioitemnumber 120286
Наличности
Код за отписване Код за изгубен артикул Източник на класификационната схема Код за повреда Коз за рестрикции Код за отдаване Артикулен № Име на библиотеката - собственик Име на библиотеката, в която се намира в момента Статус (Текущо местоположение) Дата на вписване в системата Местоположение - отдел Цена в лева Инвентарен номер Систематично азбучна сигнатура Баркод Номер на екземпляра Цена в евро Служебна бележка Служебен тип на артикула Бележка за публиката
  Не е изгубен Universal Decimal Classification Не е повреден само за читалня ползва се в читалня 194256 Регионална библиотека "Любен Каравелов" Русе Регионална библиотека "Любен Каравелов" Русе Хранилище 1970-01-01 Хранилище 0.12 73186 Цб І 11591 120000073186 1 0.06 Дост: Dp Вид: Д N: стар фонд Дата: 01.01.1970 Книги  
Изтеглен Не е изгубен Universal Decimal Classification Не е повреден без рестрикции заемане за дома 194257 Регионална библиотека "Любен Каравелов" Русе Регионална библиотека "Любен Каравелов" Русе Заемна - подръчен фонд 1970-01-01 Заемна - подръчен фонд 0.12 72814 П 914.972/А 66 72814 2 0.06 Дост: Pk Вид: Ф N: стар фонд Дата: 01.01.1970 Дата инв: 15.02.2018 Бележки инв: П2018 Книги  
Изтеглен Не е изгубен   Не е повреден без рестрикции заемане за дома 194258 Регионална библиотека "Любен Каравелов" Русе Регионална библиотека "Любен Каравелов" Русе   1970-01-01 Заемна - подръчен фонд 0.12 72815 П 914.972/А 66 72815 3 0.06 Дост: Pk Вид: Ф N: стар фонд Дата: 01.01.1970 Книги Отч.N: 18/18 , Дата: 22.03.2018
Изтеглен Не е изгубен Universal Decimal Classification Не е повреден без рестрикции заемане за дома 194259 Регионална библиотека "Любен Каравелов" Русе Регионална библиотека "Любен Каравелов" Русе Детски отдел 1970-01-01 Детски отдел 0.12 72703 ДН 914.972/А 66 72703 4 0.06 Дост: Pk Вид: Ф N: стар фонд Дата: 01.01.1970 Книги  
Vip Innovations Ltd, Rousse, Bulgaria 2025